Vista normal
Vista MARC
Entrada Topical Term
Número de registros utilizados en: 1
001 - CONTROL NUMBER
- control field: 30879
003 - CONTROL NUMBER IDENTIFIER
- control field: OSt
005 - DATE AND TIME OF LATEST TRANSACTION
- control field: 20230915231550.0
008 - FIXED-LENGTH DATA ELEMENTS
- fixed length control field: 230915|| aca||aabn | a|a d
040 ## - CATALOGING SOURCE
- Original cataloging agency: OSt
- Transcribing agency: OSt
150 ## - HEADING--TOPICAL TERM
- Topical term or geographic name entry element: ANTIBIOTICOS
670 ## - SOURCE DATA FOUND
- Source citation: Work cat.: (OSt)30197: Ahumada Vásquez, J. Ignacio; Santana Falcón, María Luisa; Serrano Molina, Jose J. 30878, Farmacología Práctica para diplomaturas en ciencias de la salud : , 2002